| 000 | 00912nam a2200229 i 4500 | ||
|---|---|---|---|
| 001 | 175280 | ||
| 003 | ES-MaACL | ||
| 005 | 20250806062545.0 | ||
| 007 | t| | ||
| 008 | 101019s1972 sp ||||1| spa d | ||
| 080 | _a061.238(460.27) | ||
| 100 | 1 |
_aAguilar Piñal, Francisco. _918744 |
|
| 245 | 1 | 3 |
_aLa Real Sociedad Económica Matritense de Amigos del País / _cpor Francisco Aguilar Piñal. |
| 260 |
_aMadrid : _bAyuntamiento de Madrid, Delegación de Educación : _bInstituto de Estudios Madrileños, _c1972. |
||
| 300 |
_a33 p. ; _c22 cm. |
||
| 490 | 1 |
_aCiclo de conferencias sobre instituciones madrileñas ; _v3 |
|
| 610 | 2 | 7 |
_aReal Sociedad Económica Matritense de Amigos del País. _96389 |
| 710 | 2 |
_aInstituto de Estudios Madrileños _94916 |
|
| 830 | 0 |
_aCiclo de conferencias sobre instituciones madrileñas ; _v3 _9189619 |
|
| 852 |
_aES-MaACL _j2259-F-3 _xOlim P-54 |
||
| 999 |
_c175280 _d175280 |
||